1493 1646 1421 1105 1498 1057 1787 1335 1275 1996 1069 1967 1607 1482 1623 1860 1032 1404 1168 1799 1012 1881 1234 1329 1803 1789 1305 1458 1505 1085 1045 1245 1452 1531 1158 1285 1185 1972 1381 1928 1625 1056 1472 1842 1454 1105 1874 1577 1999 1945 1437 1328 1396 1040 1600 1962 1685 1155 1532 1133 1925 1485 1589 1123 1169 1745 1298 1227 1372 1471 1236 1197 1450 1078 1350 1968 1451 1072 1515 1627 1263 1289 1445 1255 1785 1789 1158 1942 1338 1591 1231 1963 1011 1722 1231 1209 1721 1055 1015 BCNSPRNW ULIB Ver.6.0+V

เปลี่ยนเป็นภาษาไทย

Change to English
 แสดงรายละเอียดบรรณานุกรม
  กลับหน้าหลัก

Brief Record : Get Marc (ISO 2709) : E-mail record : QR code < ปิดหน้าต่าง
LEADER : 00000nam 2200000uu 4500
001    13399122873
003     ULIB
008    131022s2555||||th 000 0 tha d
020    ^a9786162132186
050  4 ^aDS520^bส834ส
100    ^aสุภฤกษ์ บุญทอง
245    ^aสบายดี...ลาว/^cสุภฤกษ์ บุญทอง
250    ^aพิมพ์ครั้งที่ 1
260    ^aกรุงเทพฯ :^bสกายบุ๊กส์,^c2555
300    ^a72 หน้า
440  0 ^aชุด ประชาคมอาเซียนฉบับการ์ตูน
650  7 ^aอาเซียน^xเสริมความรู้
650  7 ^aลาว
945    ^p119^l0^i034093
999    ^aเกษร โพธิ์สุวรรณ
รายการนี้ยังไม่มีแท็ก
คุณยังไม่ได้ล็อกอิน คุณสามารถมีกิจกรรมร่วมกับเว็บไซต์ได้ แต่ต้องล็อกอินก่อน ::
  ล็อกอิน

รายการสื่อสารสนเทศ

ลำดับที่ ประเภท เลขเรียก/บาร์โค้ด สถานที่ สถานะ
1. การศึกษาทั่วไป
หนังสือสำรอง
สถานะ=หนังสือสำรอง
DS520 ส834ส ฉ.1 
  Barcode: 034093
ห้องสมุดวิทยาเขตสวรรค์ประชารักษ์
►หนังสือทั่วไป
บนชั้น

รายการใกล้เคียง
    ผู้แต่ง [สุภฤกษ์ บุญทอง]

    หัวเรื่อง [ลาว]

BibComment


ยังไม่เคยถูกคอมเมนท์

คอมเมนท์ทรัพยากรรายการนี้
  คอมเมนท์: สบายดีลาว สุภฤกษ..


 Copyright 2026. Bcnsprnw @Library